Bases para una visión comunitaria de la economía

Spremljeno u:
Bibliografski detalji
Glavni autor: Echeverría Bunster, Andrés (Autor)
Format: Knjiga
Jezik:španjolski
Izdano: Santiago Del Pacífico 1972
Serija:Textos de Capacitación Política
Teme:
Oznake: Dodaj oznaku
Bez oznaka, Budi prvi tko označuje ovaj zapis!

MARC

LEADER 00000nam a2200000 a 4500
001 UCU2751
003 CL-VaPUC
008 960426e19720000CL |||||||||||||||||spa|d
082 0 4 |a 330.01  |b ECH  |2 21 
100 0 |a Echeverría Bunster, Andrés  |e author  |9 359238 
245 1 0 |a Bases para una visión comunitaria de la economía 
300 |a 107 p 
942 |c BK 
945 |d 19960426 00:00:00  |a lriquelm 
260 |a Santiago  |b Del Pacífico  |c 1972 
650 0 |a Economía   |9 255568 
650 0 |a Empresas   |9 255569 
650 0 |a Ética  |9 255099 
650 0 |a Comunismo  |9 255588 
650 0 |a Capitalismo  |9 255255 
650 7 |a HOMBRE  |2 CL-VaPUC  |9 262149 
650 0 |a Propiedad   |9 255268 
650 7 |a SISTEMAS ECONOMICOS  |2 CL-VaPUC  |9 359239 
583 |a last modification  |c 19960426 00:00:00  |k Rodrigo Vera 
490 0 |a Textos de Capacitación Política 
999 |c 246982  |d 246980 
952 |0 0  |1 0  |4 0  |6 330_010000000000000_ECH_1972  |7 0  |8 A  |9 262394  |a BIBING  |b BIBING  |d 2019-11-19  |i 1643878  |o 330.01 ECH 1972  |p 1643878  |r 2025-01-20  |w 2019-11-19  |y BK  |k TRA